[Event "Tourn. n8411"]
[Site "www.chess-mail.com"]
[Date "2015.10.14"]
[Round "1"]
[White "Attatroll"]
[Black "Maredocla"]
[WhiteElo "1940"]
[BlackElo "1990"]
[Result "1-0"]
[Round "1"]
1.d4 d5
2.Ng1f3 Nb8c6
3.Bc1f4 e6
4.e3 g6
5.c3 Bf8g7
6.Bf1d3 Ng8f6
7.h3 O-O
8.O-O a6
9.Nb1d2 b6
10.Qd1a4 Bc8b7
11.Bf4h2 b5
12.Qa4c2 Nc6a5
13.b3 Ra8c8
14.Nf3e5 c5
15.dxc5 Rc8xc5
16.b4 Rc5c8
17.bxa5 Qd8xa5
18.Rf1c1 Nf6h5
19.a4 b4
20.cxb4 Rc8xc2
21.bxa5 Rc2xd2
22.Rc1c7 Bb7a8
23.Bd3xa6 d4
24.Ne5c4 dxe3
25.Nc4xd2 exf2
26.Kxf2 Bg7xa1
27.Nd2b3 Ba1g7
28.Nb3c5 Bg7d4
29.Kf1 e5
30.Nc5d7 Rf8d8
31.Nd7xe5 Bd4xe5
32.Bh2xe5 Ba8d5
33.Ba6b5 Nh5g7
34.Rc7d7 Rd8xd7
35.Bb5xd7 Ng7e6
36.Be5d6 Kg7
37.a6 Bd5c4
38.Kf2 Bc4xa6
39.Bd7b5 Ba6b7
40.a5 Ne6g5
41.Bb5d3 Ng5e6
42.a6 Bb7c6
43.a7 f5
44.Bd3e2 Ne6g5
45.Bd6e5 Kf7
46.h4 Ng5e4
47.Ke3 Ke6
48.Be2c4 Kd7
49.Bc4g8 g5
50.Bg8xh7 f4
51.Kd4 gxh4
52.Bh7xe4 { resign }
1-0

[Event "Tourn. n8411"]
[Site "www.chess-mail.com"]
[Date "2015.10.14"]
[Round "1"]
[White "Attatroll"]
[Black "Odin"]
[WhiteElo "1940"]
[BlackElo "1830"]
[Result "1-0"]
[Round "1"]
1.Ng1f3 d5
2.d4 Ng8f6
3.Bc1f4 Bc8g4
4.Nf3e5 e6
5.Ne5xg4 Nf6xg4
6.h3 Ng4f6
7.e3 c5
8.c3 Nb8d7
9.Bf1b5 a6
10.Bb5a4 b5
11.Ba4c2 c4
12.Nb1d2 Bf8e7
13.O-O O-O
14.f3 Rf8e8
15.e4 Qd8b6
16.e5 Nf6h5
17.Bf4h2 f6
18.f4 fxe5
19.Qd1xh5 Nd7f6
20.Qh5f3 e4
21.Qf3e3 b4
22.Ra1b1 a5
23.Bc2a4 Re8d8
24.f5 exf5
25.Rf1xf5 bxc3
26.bxc3 Qb6e6
27.Rf5e5 Qe6f7
28.Rb1b7 Rd8e8
29.Ba4xe8 Ra8xe8
30.Qe3f4 h6
31.Nd2f1 g5
32.Qf4f5 Kf8
33.Re5xe7 Re8xe7
34.Bh2d6 { resign }
1-0

[Event "Tourn. n8402"]
[Site "www.chess-mail.com"]
[Date "2015.10.14"]
[Round "1"]
[White "Relaxmax"]
[Black "Gatrooper"]
[WhiteElo "1669"]
[BlackElo "1610"]
[Result "1-0"]
[Round "1"]
1.e4 e5
2.Ng1f3 Nb8c6
3.d4 exd4
4.Nf3xd4 Nc6xd4
5.Qd1xd4 d6
6.Bf1c4 Bc8e6
7.O-O c5
8.Qd4d3 Be6xc4
9.Qd3xc4 Ng8f6
10.Nb1c3 h6
11.Bc1f4 Bf8e7
12.Ra1d1 O-O
13.e5 d5
14.Nc3xd5 Nf6xd5
15.Rd1xd5 Qd8e8
16.Rf1d1 Qe8c6
17.Rd5d7 Be7h4
18.Rd1d6 b5
19.Qc4e2 Qc6c8
20.Qe2g4 g5
21.Rd6xh6 Rf8d8
22.Qg4h5 Bh4xf2
23.Kxf2 Qc8xd7
24.Rh6h8 Kg7
25.Qh5h6 
1-0

[Event "Match"]
[Site "www.echecsemail.com"]
[Date "2015.10.14"]
[Round "1"]
[White "Goosebumps"]
[Black "Pinehill"]
[WhiteElo "1699"]
[BlackElo "2040"]
[Result "1-0"]
[Round "1"]
1.d4 Ng8f6
2.e3 g6
3.Bf1d3 Bf8g7
4.Nb1c3 O-O
5.e4 d6
6.Bc1e3 Bc8g4
7.Qd1d2 e5
8.d5 Nb8d7
9.h3 Bg4h5
10.g4 Bh5xg4
11.hxg4 Rf8e8
12.Be3h6 Nd7c5
13.Bh6xg7 Kxg7
14.Qd2h6 Kg8
15.g5 Nc5d7
16.Bd3b5 Re8e7
17.Bb5xd7 Re7xd7
18.gxf6 Qd8xf6
19.Qh6xh7 Kf8
20.Qh7h8 { resign }
1-0

[Event "Match"]
[Site "www.echecsemail.com"]
[Date "2015.10.14"]
[Round "1"]
[White "Wilddog"]
[Black "Carlosto"]
[WhiteElo "1409"]
[BlackElo "1649"]
[Result "0-1"]
[Round "1"]
1.c4 e5
2.Nb1c3 Ng8f6
3.e3 Nb8c6
4.a4 d5
5.b3 Bf8b4
6.Ng1f3 O-O
7.Rh1g1 Bc8f5
8.h3 e4
9.g4 Bf5g6
10.Nf3g5 d4
11.exd4 Nc6xd4
12.Rg1g3 Bb4d6
13.d3 Bd6xg3
14.fxg3 c6
15.Bf1g2 Qd8a5
16.Qd1d2 Nd4xb3
17.Qd2b2 Nb3xa1
18.h4 exd3
19.Qb2xa1 Rf8e8
20.Kd2 Ra8d8
21.Bg2f3 h5
22.gxh5 Bg6xh5
23.Bf3h1 Qa5c5
24.Qa1b1 Qc5xc4
25.Qb1xb7 Rd8b8
26.Qb7xa7 Rb8b3
27.Nc3d1 Qc4c2
{ resign }
0-1

[Event "Match"]
[Site "www.echecsemail.com"]
[Date "2015.10.14"]
[Round "1"]
[White "Goosebumps"]
[Black "Drdoom"]
[WhiteElo "1699"]
[BlackElo "1780"]
[Result "1-0"]
[Round "1"]
1.e4 e5
2.Ng1f3 Nb8c6
3.Bf1c4 a6
4.d4 exd4
5.Nf3xd4 Nc6xd4
6.Qd1xd4 b5
7.Bc4xf7 Kxf7
8.Qd4d5 { resign }
1-0

[Event "Match"]
[Site "www.echecsemail.com"]
[Date "2015.10.14"]
[Round "1"]
[White "Lixuschess"]
[Black "Caspito"]
[WhiteElo "1499"]
[BlackElo "1730"]
[Result "0-1"]
[Round "1"]
1.d4 Ng8f6
2.Ng1f3 g6
3.g3 Bf8g7
4.Bf1g2 O-O
5.O-O d5
6.Nb1c3 Bc8g4
7.h3 Bg4h5
8.g4 Bh5xg4
9.hxg4 Nf6xg4
10.Bc1f4 Nb8d7
11.e4 dxe4
12.Nc3xe4 Nd7f6
13.Ne4xf6 exf6
14.Nf3h2 Ng4xh2
15.Bf4xh2 f5
16.Bg2xb7 Ra8b8
17.Bb7a6 Rb8xb2
18.c3 Qd8g5
19.Kh1 Qg5h4
20.Qd1f3 Bg7h6
21.Qf3g3 Qh4e4
22.Qg3g2 Qe4e6
23.Ba6d3 c6
24.Rf1e1 Qe6d5
25.Qg2xd5 cxd5
26.Kg1 f4
27.Re1e2 Rf8b8
28.Re2xb2 Rb8xb2
29.a4 a5
 { time }
0-1

[Event "Match"]
[Site "www.echecsemail.com"]
[Date "2015.10.14"]
[Round "1"]
[White "Goosebumps"]
[Black "Pellix84"]
[WhiteElo "1699"]
[BlackElo "2000"]
[Result "1/2-1/2"]
[Round "1"]
1.b3 e5
2.Bc1b2 Nb8c6
3.e4 Ng8f6
4.Nb1c3 Bf8c5
5.Ng1f3 d6
6.Bf1b5 Bc8d7
7.O-O O-O
8.Nc3a4 Nf6xe4
9.d3 Ne4g5
10.Na4xc5 Ng5xf3
11.gxf3 dxc5
12.Bb5xc6 Bd7xc6
13.Bb2xe5 Qd8g5
14.Be5g3 f5
15.f4 Qg5g4
16.Qd1xg4 fxg4
{ draw }
1/2-1/2

[Event "Match"]
[Site "www.echecsemail.com"]
[Date "2015.10.14"]
[Round "1"]
[White "Dulap"]
[Black "Llord"]
[WhiteElo "999"]
[BlackElo "1830"]
[Result "0-1"]
[Round "1"]
1.e4 e5
2.Ng1f3 Nb8c6
3.Bf1c4 Bf8e7
4.Nb1c3 Ng8f6
5.d3 Nc6d4
6.Nf3xe5 O-O
7.Bc1e3 Nd4c6
8.Ne5xc6 dxc6
9.O-O Nf6g4
10.Be3f4 Be7d6
11.Qd1d2 Qd8h4
12.Bf4g3 Bd6xg3
{ resign }
0-1

[Event "Match"]
[Site "www.echecsemail.com"]
[Date "2015.10.14"]
[Round "1"]
[White "Gimmyg"]
[Black "Comrade"]
[WhiteElo "2390"]
[BlackElo "2100"]
[Result "1-0"]
[Round "1"]
1.g3 d5
2.Ng1f3 c5
3.c3 Nb8c6
4.d4 cxd4
5.cxd4 Ng8f6
6.Nb1c3 Bc8f5
7.a3 e6
8.Bc1e3 Bf8e7
9.Bf1g2 Nf6e4
10.Nc3xe4 Bf5xe4
11.O-O O-O
12.Nf3e5 Be4xg2
13.Kxg2 Be7d6
14.Ne5xc6 bxc6
15.Qd1a4 Qd8b6
16.Rf1c1 Rf8c8
17.Ra1b1 a5
18.Be3d2 e5
19.dxe5 Bd6xe5
20.e4 d4
21.Qa4c4 Be5d6
22.b4 axb4
23.axb4 c5
24.bxc5 Qb6xc5
25.Rb1b4 d3
26.Qc4xc5 Rc8xc5
27.Rb4d4 Rc5xc1
28.Bd2xc1 Bd6c5
29.Rd4xd3 h6
30.Rd3d5 Ra8c8
31.Bc1f4 Bc5a7
32.h4 Rc8c2
33.Rd5d8 Kh7
34.Rd8d7 Ba7xf2
35.Rd7xf7 Bf2d4
36.Kf3 Rc2f2
37.Kg4 Bd4e3
38.e5 Be3xf4
39.gxf4 Kg6
40.e6 h5
41.Kg3 { resign }
1-0

[Event "Match"]
[Site "www.echecsemail.com"]
[Date "2015.10.14"]
[Round "1"]
[White "Lorenatache"]
[Black "Billyg"]
[WhiteElo "1809"]
[BlackElo "1630"]
[Result "0-1"]
[Round "1"]
1.d4 e6
2.e4 d5
3.Nb1d2 dxe4
4.Nd2xe4 f5
5.Ne4c3 a6
6.Ng1f3 c5
7.Bc1g5 Bf8e7
8.Bg5xe7 Ng8xe7
 { time }
0-1

[Event "Match"]
[Site "www.echecsemail.com"]
[Date "2015.10.14"]
[Round "1"]
[White "Chtoubidou"]
[Black "Lorenatache"]
[WhiteElo "1960"]
[BlackElo "1809"]
[Result "1-0"]
[Round "1"]
1.d4 Ng8f6
2.Bc1g5 Nf6e4
3.Bg5f4 c5
4.d5 d6
5.f3 Ne4f6
6.e4 g6
7.Nb1c3 Bf8g7
8.Bf1b5 Nb8d7
9.Ng1e2 a6
10.Bb5xd7  { time }
1-0

[Event "Match"]
[Site "www.echecsemail.com"]
[Date "2015.10.14"]
[Round "1"]
[White "Chapi"]
[Black "Lixuschess"]
[WhiteElo "2030"]
[BlackElo "1499"]
[Result "1-0"]
[Round "1"]
1.d4 Ng8f6
2.c4 e6
3.Nb1c3 Bf8b4
4.Bc1d2 c5
5.Ng1f3 cxd4
6.Nf3xd4 O-O
7.g3 Nb8c6
8.Nd4xc6 bxc6
9.a3 Bb4c5
10.Bf1g2 Qd8b6
11.Nc3a4 Bc5xf2
12.Kf1 Qb6d4
13.Bd2b4 Rf8e8
14.Bb4c3 Qd4xd1
15.Ra1xd1 d5
16.Kxf2 Nf6e4
17.Bg2xe4 dxe4
18.Na4c5 f5
19.Rd1d6 Kf7
20.Rd6xc6  { time }
1-0

[Event "Match"]
[Site "www.echecsemail.com"]
[Date "2015.10.14"]
[Round "1"]
[White "Thonix15"]
[Black "Pare123"]
[WhiteElo "1809"]
[BlackElo "1980"]
[Result "0-1"]
[Round "1"]
1.e4 c5
2.Ng1f3 Nb8c6
3.Bf1b5 Nc6a5
4.d4 a6
5.Bb5e2 b6
6.d5 b5
7.b3 d6
8.Bc1d2 Ng8f6
9.Bd2xa5 Qd8xa5
10.Qd1d2 Qa5b6
11.Nb1c3 e5
 { time }
0-1

[Event "Match"]
[Site "www.echecsemail.com"]
[Date "2015.10.14"]
[Round "1"]
[White "Bojan"]
[Black "Ztornad"]
[WhiteElo "1910"]
[BlackElo "1770"]
[Result "1-0"]
[Round "1"]
1.e4 e5
2.Ng1f3 d6
3.Nb1c3 a6
4.Bf1c4 Bc8e6
5.Qd1e2 b5
6.Bc4b3 Nb8c6
7.d3 Be6xb3
8.axb3 Ng8f6
9.h3 h6
10.Nf3h2 d5
11.exd5 Nf6xd5
12.Nh2f3 Nd5f4
13.Bc1xf4 f6
14.Bf4g3 Bf8d6
15.Nc3e4 Bd6b4
16.c3 Bb4e7
17.Nf3h4 b4
18.Nh4g6 Rh8h7
19.Qe2f3 Qd8d5
20.Ne4xf6 Be7xf6
21.Qf3xd5 Ra8d8
22.Qd5xc6 Rd8d7
23.O-O h5
24.Bg3xe5 Bf6d8
25.Qc6e6 Bd8e7
26.Qe6g8 Be7f8
27.Qg8xf8 { resign }
1-0

[Event "Match"]
[Site "www.echecsemail.com"]
[Date "2015.10.14"]
[Round "1"]
[White "Azulmarino"]
[Black "Sagara1977"]
[WhiteElo "1710"]
[BlackElo "1660"]
[Result "1-0"]
[Round "1"]
1.e4 e5
2.Ng1f3 Qd8f6
3.b3 Nb8c6
4.Bf1b5 Bf8c5
5.Bc1b2 Nc6d4
6.Bb2xd4 Bc5xd4
7.c3 a6
8.Bb5c4 b5
9.Bc4d5 c6
10.cxd4 cxd5
11.Nf3xe5 dxe4
12.Nb1c3 Bc8b7
13.Qd1g4 O-O-O
14.Nc3xe4 Bb7xe4
15.Qg4xe4 Rd8e8
16.Qe4a8 Kc7
17.Ra1c1 Kb6
18.Qa8xe8 g6
19.Ne5xd7 Ka5
20.Nd7xf6 Ng8xf6
21.Qe8xh8 { resign }
1-0

[Event "Match"]
[Site "www.echecsemail.com"]
[Date "2015.10.14"]
[Round "1"]
[White "Lorenatache"]
[Black "Whitekknight"]
[WhiteElo "1809"]
[BlackElo "1950"]
[Result "0-1"]
[Round "1"]
1.d4 d5
2.c4 e6
3.Ng1f3 Ng8f6
4.Bc1g5 Bf8e7
5.Nb1c3 h6
6.Bg5xf6 Be7xf6
7.e3 Bc8d7
8.Ra1c1 Nb8c6
9.a3 O-O
10.Qd1c2 Ra8c8
 { time }
0-1

[Event "Match"]
[Site "www.echecsemail.com"]
[Date "2015.10.14"]
[Round "1"]
[White "Orae"]
[Black "Drdoom"]
[WhiteElo "1940"]
[BlackElo "1770"]
[Result "1-0"]
[Round "1"]
1.e4 e5
2.Ng1f3 Nb8c6
3.Bf1c4 a6
4.d3 b5
5.Bc4xf7 Kxf7
6.Nf3g5 Ke7
7.Qd1f3 Ng8f6
8.b3 h6
9.Ng5h3 Nc6d4
10.Bc1a3 d6
11.Qf3d1 c5
12.Nh3g1 b4
13.Ba3b2 Bc8g4
14.f3 Bg4e6
15.Nb1d2 Kf7
16.Bb2xd4 cxd4
17.Ng1e2 d5
18.O-O Bf8d6
19.Ne2g3 Rh8f8
20.Ng3e2 Bd6c5
21.Ne2g3 Kg8
22.Nd2b1 a5
23.f4 Qd8c7
24.f5 Be6f7
25.Nb1d2 Qc7b7
26.Qd1e2 Ra8c8
27.Nd2f3 Rf8e8
28.Nf3h4 Qb7d7
29.h3 dxe4
30.Ng3xe4 Nf6xe4
31.Qe2xe4 Bf7d5
32.Qe4g4 Bd5f7
33.Qg4g3 Kh7
34.f6 g6
35.Nh4f5 Bc5d6
36.Ra1e1 gxf5
37.Qg3g7 { resign }
1-0

[Event "Match"]
[Site "www.echecsemail.com"]
[Date "2015.10.14"]
[Round "1"]
[White "Drdoom"]
[Black "Coraza"]
[WhiteElo "1770"]
[BlackElo "1860"]
[Result "1/2-1/2"]
[Round "1"]
1.e4 e5
2.Ng1f3 Nb8c6
3.d4 Ng8f6
4.d5 Nc6e7
5.Bf1d3 Ne7g6
6.c4 Bf8b4
7.Bc1d2 Qd8e7
8.a3 Bb4c5
9.b4 Bc5d4
10.Bd2c3 Nf6g4
11.Bc3xd4 exd4
12.Nf3xd4 d6
13.h3 Ng4e5
14.O-O Qe7g5
15.Kh1 Qg5h4
16.Nd4f3 Qh4f6
17.Nf3xe5 Qf6xe5
18.Ra1a2 Qe5g5
19.Nb1d2 O-O
20.Nd2f3 Qg5f4
21.Rf1e1 Bc8d7
22.Ra2e2 a5
23.Qd1c2 Ng6h4
24.Nf3xh4 Qf4xh4
25.Re2e3 axb4
26.axb4 Bd7a4
27.Qc2b2 Ba4d7
28.Re3g3 f6
29.c5 Ra8e8
30.Qb2c3 Qh4f4
31.Rg3f3 Qf4g5
32.Rf3g3 Qg5f4
33.Rg3f3 { draw }
1/2-1/2

[Event "Match"]
[Site "www.echecsemail.com"]
[Date "2015.10.14"]
[Round "1"]
[White "Pellix84"]
[Black "Coraza"]
[WhiteElo "1960"]
[BlackElo "1860"]
[Result "1-0"]
[Round "1"]
1.d4 d5
2.Ng1f3 Nb8c6
3.Nb1c3 Ng8f6
4.Bc1g5 Nf6h5
5.e4 h6
6.Bg5h4 g5
7.exd5 Nc6b4
8.Bf1b5 Bc8d7
9.Bb5xd7 Qd8xd7
10.Nf3e5 Qd7f5
11.a3 Nb4xc2
12.Kf1 Nc2xa1
13.Qd1xh5 Ra8d8
14.g4 Qf5h7
15.Bh4g3 Na1b3
16.Nc3b5 Rd8c8
17.h4 Nb3d2
18.Kg2 Nd2e4
19.Nb5xa7 Ne4f6
20.Qh5xf7 Kd8
21.Na7xc8 Qh7e4
22.Kh2 Kxc8
23.Qf7e6 Kb8
24.Ne5d7 Ka8
25.Nd7xf6 Qe4xd4
26.Qe6c8 Ka7
27.Nf6d7 Bf8g7
28.Qc8xc7 Qd4xb2
29.Qc7a5 { resign }
1-0

[Event "Match"]
[Site "www.echecsemail.com"]
[Date "2015.10.14"]
[Round "1"]
[White "Darknight"]
[Black "Robinjut"]
[WhiteElo "1590"]
[BlackElo "1580"]
[Result "1-0"]
[Round "1"]
1.e4 e5
2.Bf1c4 Qd8f6
3.d3 Nb8c6
4.c3 a6
5.Ng1f3 h6
6.Bc1e3 d6
7.h3 Bf8e7
8.Nb1d2 Bc8e6
9.b4 Be6xc4
10.dxc4 O-O-O
11.a4 g5
12.b5 axb5
13.axb5 Nc6b8
14.Qd1a4 d5
15.cxd5 Be7d6
16.O-O Ng8e7
17.Rf1b1 b6
18.Qa4a7 Kd7
19.Be3xb6 Ne7c8
20.Qa7xb8 cxb6
21.Qb8b7 Ke8
22.Ra1a8 Qf6e7
23.Qb7a6 f6
24.Ra8xc8 Qe7d7
25.Rc8c6 Ke7
26.Qa6xb6 Rd8b8
27.Qb6e3 Rb8b7
28.Nd2c4 Rh8c8
29.Nc4xd6 Rc8xc6
30.dxc6 { resign }
1-0

[Event "Match"]
[Site "www.echecsemail.com"]
[Date "2015.10.14"]
[Round "1"]
[White "Drdoom"]
[Black "Jhw"]
[WhiteElo "1750"]
[BlackElo "1779"]
[Result "0-1"]
[Round "1"]
1.e4 e5
2.Ng1f3 Ng8f6
3.Nb1c3 Nb8c6
4.d4 exd4
5.Nf3xd4 Nc6xd4
6.Qd1xd4 c5
7.Qd4d1 Qd8a5
8.Bc1d2 Qa5b4
9.Ra1b1 Nf6xe4
10.Bf1d3 Ne4xd2
11.Qd1xd2 g6
12.Qd2e3 Bf8e7
13.O-O Qb4h4
14.Nc3d5 Kd8
15.Rf1e1 Be7d6
16.h3 b6
17.Qe3f3 Bc8b7
18.c4 f5
19.Re1e2 Rh8e8
20.Rb1e1 Bd6e7
21.b3 a5
22.Bd3c2 Qh4g5
23.Qf3c3 f4
24.f3 Bb7xd5
25.cxd5 Qg5xd5
26.Qc3g7 Kc7
27.Bc2e4 Be7f8
28.Qg7xh7 Qd5d4
29.Kf1 Re8e7
30.Qh7xg6 Re7e6
31.Qg6f5 Re6f6
32.Qf5d5 Qd4xd5
33.Be4xd5 Ra8a7
34.Kg1 b5
35.Re1c1 Kb6
36.Re2e8 Bf8d6
37.Re8e4 Rf6f5
38.Rc1d1 b4
39.Kh2 a4
40.Re4e8 Rf5e5
41.Re8xe5 Bd6xe5
42.h4 axb3
43.axb3 Ra7a2
44.Rd1b1 Ra2d2
45.Bd5c4 d5
46.Bc4f1 d4
47.Bf1c4 d3
48.h5 Kc6
49.h6 Kd7
50.h7 Ke7
51.Rb1a1 Be5xa1
{ resign }
0-1

[Event "Match"]
[Site "www.echecsemail.com"]
[Date "2015.10.14"]
[Round "1"]
[White "Emerchess"]
[Black "Hundegana"]
[WhiteElo "1299"]
[BlackElo "2030"]
[Result "1-0"]
[Round "1"]
1.Ng1f3 c5
2.d4 d6
3.dxc5 Qd8a5
4.Nb1c3 Qa5xc5
5.e4 Bc8d7
6.Bc1e3 Qc5c8
7.Bf1d3 e5
8.O-O Ng8f6
9.Ra1c1 Bf8e7
10.Nc3b5 a6
11.Nb5c3 O-O
12.Nc3d5 Nf6xd5
13.exd5 f5
14.Bd3e2 b5
15.Nf3xe5 dxe5
16.d6 Be7f6
17.Qd1d5 Bd7e6
18.Qd5xa8 Nb8c6
19.Qa8xc8 Rf8xc8
20.c3 f4
21.Be3c5 Be6d7
22.f3 g5
23.a3 Kf7
24.Be2d3 h6
25.Bd3e4 Nc6a5
26.Bc5f2 Bf6d8
27.Rc1d1 Na5c4
28.Be4d5 Kf6
29.Bd5xc4 Rc8xc4
30.Rd1d2 h5
31.Rf1e1 Kf5
32.Rd2d5 Bd8f6
33.Bf2d4 Bd7e6
34.d7 Be6xd5
35.Re1xe5 Kg6
36.Re5xd5 Bf6d8
37.Bd4b6 Bd8e7
38.Rd5e5 Be7f6
39.Re5e6 Kf7
40.Re6xf6 Kxf6
41.d8Q Kg6
42.Qd8d6 Kf5
43.Bb6d8 g4
44.Qd6f6 { resign }
1-0

[Event "1/128 Finale"]
[Site "www.chess-mail.com"]
[Date "2015.10.14"]
[Round "1"]
[White "Emiondi"]
[Black "Iulia92"]
[WhiteElo "1499"]
[BlackElo "1809"]
[Result "1-0"]
[Round "1"]
1.d4 Ng8f6
2.c4 e5
3.dxe5 Nf6g4
4.Ng1f3 Nb8c6
5.Bc1f4 Bf8b4
6.Nb1d2 Qd8e7
7.e3 Ng4xe5
8.Nf3xe5 Nc6xe5
9.Bf1e2 O-O
10.O-O d6
11.Nd2b3  { time }
1-0

[Event "1/64 Finale"]
[Site "www.chess-mail.com"]
[Date "2015.10.14"]
[Round "1"]
[White "Attatroll"]
[Black "Relaxmax"]
[WhiteElo "1920"]
[BlackElo "1669"]
[Result "0-1"]
[Round "1"]
1.e4 c6
2.Ng1f3 d5
3.exd5 cxd5
4.Nf3e5 Ng8f6
5.d4 g6
6.Bf1d3 Bf8g7
7.h4 Nb8c6
8.Ne5xc6 bxc6
9.Bc1g5 Qd8b6
10.Nb1d2 Qb6xd4
11.Nd2f3 Qd4xb2
12.Ra1b1 Qb2xa2
13.Rb1a1 Qa2b2
14.Ra1b1 Qb2c3
15.Qd1d2 Qc3xd2
16.Kxd2 O-O
17.Nf3e5 c5
18.Ne5c6 e6
19.Bg5xf6 Bg7xf6
20.h5 Bc8d7
21.Nc6a5 Ra8b8
22.hxg6 hxg6
23.g3 Rb8b6
24.Rb1xb6 axb6
25.Na5b7 Rf8b8
26.Nb7d6 Bf6e5
27.Bd3b5 Bd7xb5
28.Nd6xb5 Rb8a8
{ resign }
0-1

[Event "Fast Game"]
[Site "www.echecsemail.com"]
[Date "2015.10.14"]
[Round "1"]
[White "Ranjachess"]
[Black "Hennie4820"]
[WhiteElo "1549"]
[BlackElo "1629"]
[Result "1-0"]
[Round "1"]
1.d4 Ng8f6
2.Nb1c3 g6
3.e4 d6
4.h3 Bf8g7
5.e5 dxe5
6.dxe5 Qd8xd1
7.Nc3xd1 Nf6d5
8.Bf1c4 Nd5b6
9.b3 Bg7xe5
10.Bc1b2 Be5xb2
11.Nd1xb2 Nb6xc4
12.Nb2xc4 Nb8c6
13.O-O-O Bc8e6
14.Ng1f3 Be6xc4
15.bxc4 e6
16.c3 Ke7
17.Nf3d4 Nc6e5
18.c5 c6
19.a4 Ra8d8
20.a5 a6
21.Kc2 Ne5c4
22.Kb3 Nc4e5
23.Rh1e1 f6
24.f4 Ne5f7
25.Re1xe6 Kf8
26.Re6xf6 Kg7
27.Rf6e6 Rd8d7
28.Nd4f5 gxf5
29.Rd1xd7 { resign }
1-0

[Event "Tourn. n8372"]
[Site "www.chess-mail.com"]
[Date "2015.10.15"]
[Round "1"]
[White "Julian"]
[Black "Attatroll"]
[WhiteElo "1820"]
[BlackElo "1940"]
[Result "0-1"]
[Round "1"]
1.e4 e5
2.Ng1f3 Nb8c6
3.Bf1b5 a6
4.Bb5a4 Ng8f6
5.d3 Bf8c5
6.Bc1e3 Bc5xe3
7.fxe3 d6
8.O-O Bc8d7
9.c3 O-O
10.Nb1d2 Bd7g4
11.Ba4c2 Qd8d7
12.d4 Ra8d8
13.h3 Bg4e6
14.d5 Be6xh3
15.Nf3g5 Bh3g4
16.Qd1b1 h6
17.dxc6 bxc6
18.Ng5f3 Nf6h5
19.Nf3h4 Nh5g3
20.Nh4f5 Bg4xf5
21.exf5 Ng3xf1
22.Qb1xf1 Rd8b8
23.b3 d5
24.e4 a5
25.Ra1d1 d4
26.cxd4 Qd7xd4
27.Kh1 Rb8d8
28.Nd2f3 Qd4b2
29.Rd1xd8 Rf8xd8
30.Qf1c4 Qb2c1
31.Nf3g1 Rd8d2
32.Qc4xc6 Qc1xc2
33.Qc6e8 Kh7
34.Qe8xf7 Rd2xg2
35.Ng1f3 Rg2g3
36.Qf7g6 Rg3xg6
37.fxg6 Kxg6
38.Nf3xe5 Kh5
{ resign }
0-1

[Event "Tourn. n8406"]
[Site "www.chess-mail.com"]
[Date "2015.10.15"]
[Round "1"]
[White "Francesco"]
[Black "Bojan"]
[WhiteElo "1980"]
[BlackElo "1910"]
[Result "0-1"]
[Round "1"]
1.e4 e5
2.Bf1c4 Nb8c6
3.Nb1c3 a6
4.d3 Nc6a5
5.Bc4b3 Na5xb3
6.axb3 d6
7.f4 exf4
8.Bc1xf4 Bf8e7
9.Ng1e2 h6
10.O-O Ng8f6
11.Qd1d2 Nf6h5
12.Bf4e3 Nh5f6
13.Rf1f2 Nf6g4
14.Rf2f3 Ng4xe3
15.Qd2xe3 Be7g5
16.Qe3d4 Bg5f6
17.Qd4e3 Bc8e6
18.Ne2d4 Be6g4
19.Rf3f2 O-O
20.Ra1f1 c6
21.h3 Bf6g5
22.Qe3g3 Bg4h5
23.Nc3e2 Bg5h4
24.Qg3f4 Bh4xf2
25.Rf1xf2 Qd8d7
26.Ne2g3 Bh5g6
27.Ng3f5 Ra8d8
28.g4 c5
29.Nd4e2 Qd7e6
30.Ne2g3 Rd8d7
31.h4 d5
32.e5 Rf8e8
33.h5 Bg6h7
34.Rf2e2 Qe6c6
35.Nf5d6 Re8e6
36.Re2f2 f6
37.Kg2 Re6xe5
38.Ng3f5 d4
39.Kg3 Qc6d5
40.Kh4 Rd7xd6
41.Nf5xd6 Qd5xd6
42.Rf2e2 Re5xh5
{ resign }
0-1

[Event "Tourn. n8423"]
[Site "www.chess-mail.com"]
[Date "2015.10.15"]
[Round "1"]
[White "Norlavuaram"]
[Black "Libiesse"]
[WhiteElo "2180"]
[BlackElo "2090"]
[Result "1/2-1/2"]
[Round "1"]
1.e4 c5
2.Ng1f3 e6
3.c4 Nb8c6
4.Nb1c3 g6
5.Bf1e2 Bf8g7
6.O-O Ng8e7
7.d3 O-O
8.Bc1e3 a6
9.Qd1d2 Ra8b8
10.Be3xc5 d6
11.Bc5e3 Qd8c7
12.Ra1c1 Bc8d7
13.a3 Nc6a5
14.Be2d1 Na5c6
15.b4 Nc6e5
16.Nf3xe5 Bg7xe5
17.f4 Be5g7
18.f5 exf5
19.Nc3d5 { draw }
1/2-1/2

[Event "Tourn. n8410"]
[Site "www.chess-mail.com"]
[Date "2015.10.15"]
[Round "1"]
[White "Norlavuaram"]
[Black "Ffdd65"]
[WhiteElo "2150"]
[BlackElo "2200"]
[Result "1/2-1/2"]
[Round "1"]
1.e4 e5
2.Ng1f3 d6
3.d4 Bc8g4
4.dxe5 Bg4xf3
5.gxf3 dxe5
6.Qd1xd8 Kxd8
7.Bc1e3 Bf8d6
8.Nb1c3 a6
9.Bf1c4 f6
10.O-O-O Ke7
11.Rh1g1 g6
12.Nc3d5 Kf8
13.f4 Kg7
14.fxe5 Bd6xe5
15.f4 Be5d6
16.Nd5xf6 Ng8xf6
17.e5 Bd6e7
18.exf6 Be7xf6
19.f5 Rh8d8
20.fxg6 Rd8xd1
21.Rg1xd1 hxg6
22.Be3f4 b5
23.Bc4d5 Ra8a7
24.Bf4e3 c5
25.Be3xc5 Ra7d7
26.c4 bxc4
27.Bd5xc4 Bf6xb2
28.Kc2 Rd7xd1
29.Kxd1 Bb2e5
30.Bc5g1 { draw }
1/2-1/2

[Event "Tourn. n8404"]
[Site "www.chess-mail.com"]
[Date "2015.10.15"]
[Round "1"]
[White "Terrible"]
[Black "Norlavuaram"]
[WhiteElo "2270"]
[BlackElo "2130"]
[Result "1/2-1/2"]
[Round "1"]
1.d4 Ng8f6
2.Ng1f3 g6
3.g3 Bf8g7
4.Bf1g2 O-O
5.O-O d5
6.c4 dxc4
7.Nf3e5 c6
8.Ne5xc4 Bc8e6
9.Nc4e5 Nb8d7
10.Ne5xd7 Qd8xd7
11.Nb1c3 Ra8d8
12.e4 Qd7xd4
13.Qd1xd4 Rd8xd4
14.Bc1e3 Rd4b4
15.Be3xa7 Rb4xb2
16.Ba7c5 Rf8e8
17.Bc5a3 Rb2c2
18.Rf1c1 Rc2xc1
19.Ra1xc1 Nf6d7
20.Rc1c2 Bg7xc3
21.Rc2xc3 Be6xa2
22.Rc3c2 Ba2e6
23.Rc2b2 b6
24.f4 c5
25.e5 b5
26.Rb2xb5 Re8c8
27.Bg2b7 Rc8c7
28.Kf2 { draw }
1/2-1/2

[Event "Tourn. n8389"]
[Site "www.chess-mail.com"]
[Date "2015.10.15"]
[Round "1"]
[White "Seger"]
[Black "Stepanpech"]
[WhiteElo "2760"]
[BlackElo "2320"]
[Result "1-0"]
[Round "1"]
1.e4 c6
2.d4 d5
3.e5 Bc8f5
4.Ng1f3 e6
5.Bf1e2 c5
6.Bc1e3 cxd4
7.Nf3xd4 Ng8e7
8.c4 Nb8c6
9.Qd1a4 a6
10.Nb1a3 Qd8a5
11.Qa4xa5 Nc6xa5
12.O-O Na5c6
{ time. }
1-0

[Event "Tourn. n8404"]
[Site "www.chess-mail.com"]
[Date "2015.10.15"]
[Round "1"]
[White "Scasan55"]
[Black "Amaya"]
[WhiteElo "2060"]
[BlackElo "2020"]
[Result "0-1"]
[Round "1"]
1.e4 e6
2.d4 d5
3.exd5 exd5
4.Ng1f3 Ng8f6
5.Bc1g5 Bf8e7
6.Bf1d3 O-O
7.h3 Nf6e4
8.Bg5xe7 Qd8xe7
9.O-O Bc8f5
10.Rf1e1 Qe7d6
11.c4 c6
12.c5 Qd6h6
13.Qd1c1 Qh6h5
14.Qc1f4 Nb8d7
15.g4 Qh5xh3
16.Bd3xe4 Bf5xe4
17.Nb1d2 Nd7f6
18.Qf4g3 Qh3xg4
19.Qg3xg4 Nf6xg4
20.Nd2xe4 dxe4
21.Re1xe4 Ng4f6
22.Re4e2 Rf8e8
23.Ra1e1 Re8xe2
24.Re1xe2 Ra8e8
25.Re2xe8 Nf6xe8
26.Kg2 Ne8f6
27.Nf3e5 Nf6d5
28.a3 f6
29.Ne5c4 b5
30.Nc4a5 Nd5e7
31.Kf3 Kf7
32.Na5b7 Ke6
33.Nb7d6 Ne7f5
34.Nd6xf5 Kxf5
35.b3 h5
36.a4 a6
37.axb5 axb5
38.b4 Ke6
39.Ke4 h4
{ resign }
0-1

[Event "Tourn. n8405"]
[Site "www.chess-mail.com"]
[Date "2015.10.15"]
[Round "1"]
[White "Andychesston"]
[Black "Norlavuaram"]
[WhiteElo "2040"]
[BlackElo "2150"]
[Result "0-1"]
[Round "1"]
1.e4 e5
2.Ng1f3 Nb8c6
3.d4 exd4
4.Nf3xd4 Bf8c5
5.Bc1e3 Qd8f6
6.c3 Ng8e7
7.Qd1d3 d6
8.Nb1d2 O-O
9.Bf1e2 Nc6e5
10.Qd3b5 Bc8d7
11.Qb5xb7 Ra8b8
12.Qb7xc7 { time. }
0-1

[Event "Match"]
[Site "www.echecsemail.com"]
[Date "2015.10.15"]
[Round "1"]
[White "Fangshuo"]
[Black "Joseph1983"]
[WhiteElo "2200"]
[BlackElo "2170"]
[Result "0-1"]
[Round "1"]
1.e4 c5
2.Ng1f3 Nb8c6
3.Bf1c4 e6
4.Nb1c3 Ng8f6
5.d3 d5
6.exd5 exd5
7.Bc4b5 Bf8e7
8.Bb5xc6 bxc6
9.O-O Bc8g4
10.Bc1g5 O-O
11.Rf1e1 Ra8b8
12.b3 Rf8e8
13.h3 Bg4h5
14.Nc3b1 Nf6d7
15.Nb1d2 Be7xg5
16.g4 Re8xe1
17.Qd1xe1 Bg5xd2
18.Qe1xd2 Qd8f6
19.d4 Qf6xf3
20.gxh5 Qf3xh3
21.Qd2g5 Rb8e8
22.dxc5 Re8e4
23.Qg5g3 Re4g4
{ resign }
0-1

[Event "Match"]
[Site "www.echecsemail.com"]
[Date "2015.10.15"]
[Round "1"]
[White "Darknight"]
[Black "Goosebumps"]
[WhiteElo "1680"]
[BlackElo "1699"]
[Result "0-1"]
[Round "1"]
1.e4 e6
2.Bf1c4 d5
3.exd5 exd5
4.Bc4b3 Ng8f6
5.h3 Bf8d6
6.Ng1f3 Qd8e7
7.Kf1 Nb8c6
8.c3 Bc8f5
9.d3 h6
10.g3 O-O-O
11.Kg2 Qe7d7
12.a4 Rh8e8
13.Bc1e3 Nc6e5
14.Nf3xe5 Bd6xe5
15.f4 Be5xc3
16.Qd1c1 Bc3xb2
17.Qc1xb2 Re8xe3
18.Qb2f2 Qd7e7
19.Nb1c3 Re3xd3
20.Rh1e1 Nf6e4
21.Nc3xe4 Bf5xe4
22.Kh2 Rd3xb3
23.Ra1a2 Qe7b4
24.Re1c1 Rb3b1
25.Rc1xb1 Qb4xb1
{ resign }
0-1